Statistics for Verdi Operas

Click here to take the quiz!

General Stats

  • This quiz has been taken 36 times
  • The average score is 12 of 26

Answer Stats

YearOpera% Correct
1871Aida
100%
1853La traviata
96%
1842Nabucco
85%
1851Rigoletto
81%
1887Otello
78%
1847Macbeth
74%
1893Falstaff
70%
1853Il trovatore
63%
1862La forza del destino
63%
1859Un ballo in maschera
59%
1867Don Carlo
44%
1844Ernani
44%
1857Simon Boccanegra
44%
1855I vespri siciliani
41%
1840Un giorno di regno
30%
1846Attila
26%
1845Giovanna d'Arco
26%
1844I due Foscari
26%
1843I Lombardi
26%
1849Luisa Miller
26%
1839Oberto
26%
1847I masnadieri
22%
1850Stiffelio
22%
1849La battaglia di Legnano
19%
1845Alzira
15%
1848Il corsaro
15%

Score Distribution

Percentile by Number Answered

Percent of People with Each Score

Your Score History

You have not taken this quiz